00482nam a2200181Ia 4500003000400000005001700004008004100021020002200062040000700084041000800091082001900099100002200118245006500140260003900205300001700244365001300261650002600274OSt20230518115025.0210423s2013 xx 000 0 und d a978-81-321-0737-8 cAL aeng a363.6 RAOG223 aRAO (N Bhaskara). aGood governance: delivering corruption free public services. aNew DelhibSage Publicationsc2013 axxii,292bPB b695cINR aOther Social Problems